000 00778nam a2200217Ii 4500
003 JO-AjNU
008 230605s9999||||xx |||||||||||||| ||und||
017 _a2007/8/2487
040 _aJO-AjNU
_bara
_erda
_cJO-AjNU
041 _aara
050 1 4 _aHD37.A7.N83 2008
100 3 _aالنعيمي، صلاح عبد القادر,
_eauthor
_957177
245 0 0 _aالإدارة
250 _aالطبعة العربية
264 3 1 _aعمان: دار اليازوري العلمية للنشر والتوزيع، 2008
300 _a315ص
_bالمراجع ص 307- 315
336 _atext
_btxt
_2rdacontent
337 _aunmediated
_bn
_2rdamedia
338 _avolume
_bnc
_2rdacarrier
650 4 _aادارة اعمال- اتخاذ القرارات- ادارة- تخطيط
_957178
999 _aA25606
_c29174
_d29174